000 01947nam a2200265Ia 4500
008 260220t2006||||xx |||||||||||||| ||spa||
040 _aPY-SlUNAC
_bspa
_erda
041 _aspa
082 _a550
_bV599c
100 _aVeroslavsky, Gerardo
_eAutor
245 0 _aCuencas sedimentarias de Uruguay :
_bgeología, paleontología y recursos naturales. Paleozoico /
_cpor Gerardo Veroslavsky [Autor]; Martín Ubilla [Autor] y Sergio Martínez [Autor]
264 _aMontevideo :
_bDIRAC,
_c℗2006.
300 _a1 volumen
520 _aEl libro "Cuencas sedimentarias de Uruguay: geología, paleontología y recursos naturales" de Gerardo Veroslavsky ofrece un análisis exhaustivo de las cuencas sedimentarias del territorio uruguayo, abarcando su formación desde el Paleozoico hasta la actualidad. A través de un enfoque multidisciplinario, el autor explora la geología, la paleontología y los recursos naturales presentes en estas cuencas, proporcionando información clave sobre la evolución geológica y los procesos sedimentarios que han moldeado el paisaje uruguayo. Veroslavsky también destaca la importancia de estos recursos para la economía del país, incluyendo su relevancia en la industria minera y la potencial explotación de hidrocarburos. La obra se fundamenta en investigaciones recientes y en el análisis de muestras geológicas, contribuyendo a la comprensión de la biodiversidad y los cambios ambientales a lo largo del tiempo. Este libro es un recurso valioso para estudiosos y profesionales interesados en la geología y la conservación de los recursos naturales en Uruguay.
653 _aGeología
653 _aPaleontología
653 _aRecursos naturales
700 _aMartínez, Sergio
_eAutor
700 _aUbilla, Martín
_eAutor
942 _b2026/02/17
_cBK
999 _c7983
_d7983